01474nam a22002775a 450000500170000000800410001702000150005802000180007304000380009108200210012910000420015024501490019226000500034130000350039150000240042650400310045052002440048165000450072565000380077065100100080865300380081894200250085699900170088195201560089895201420105420161102112046.0161027t2013 nyua frb 001 0 eng d a0071794964 a9780071794961 aEG-ScBUEbengcEG-ScBUEdEG-ScBUE04222a658.872bLEW1 941630aLewis, Mike,‏ ‎d1975-‏ 10aStand out social marketing : b6 keys to rise above the noise, differentiate your brand, and build an outstanding online presence /cMike Lewis. aNew York : bMcGraw-Hill Companies, cc.2013. axxxi, 286 p. :bill. ;c24 cm. aIndex : p.275- 286. aBibliography : p. 269-273. aCompeting on the social web isn't enough. You have to stand out! "Stand Out Social Marketing" explains how today's best-known brands draw attention that pays in the crowded space of social media--and how you can do the same for your brand! 72BUEsh939086aMarketingxSocial aspects. 7912594aCustomer relations.2BUEsh 2BUEsh bBUSADMcOctober2016cNovember2016 2ddce22k658.872 LEW c22891d22863 00102ddc40708BaccahaMAINbMAINc1STd2016-10-27ePurchaseg130.00h3640l1m2o658.872 LEWp000034470r2025-07-15 00:00:00s2019-05-09v162.50yBB 00102ddc40708BaccahaMAINbMAINc1STd2016-11-02ePurchaseg130.00h25136l0o658.872 LEWp000034601r2025-07-15 00:00:00v162.50yBB